000 00578nam a2200217 a 4500
001 BRCA_8914
005 20190320210446.0
008 210617s1951----fr-a######---#000-0#eng-#
041 _aeng
044 _afr
050 4 _aN2045
_b.C48 1951
245 1 0 _aThe Cluny Museum.
260 _aParís
_bÉditions Braun & Cie
_c[1951?]
300 _a1 v. (sin paginación)
_bil.
_c16 cm.
500 _aEstado físico : tapa desprendida
500 _aO195
610 2 4 _aMusée de Cluny
_922169
650 1 4 _aMuseos de arte
_zParís, Francia
_922170
902 _aGFM
942 _2lcc
_cB
999 _c8565
_d8565